El impuesto sobre sociedades en Vizcaya (Registro nro. 5215)
[ vista simple ]
| 000 -CABECERA | |
|---|---|
| Longitud fija campo de control | 01391nam a2200409 c 4500 |
| 001 - NÚMERO DE CONTROL | |
| Número de control | 5215 |
| 003 - IDENTIFICADOR DE NÚMERO DE CONTROL | |
| Identificador del número de control | ES-MaCES |
| 005 - FECHA Y HORA DE LA ÚLTIMA TRANSACCIÓN | |
| Fecha y hora de la última transacción | 20150925133405.0 |
| 008 - CAMPO FIJO DE DESCRIPCIÓN FIJA--INFORMACIÓN GENERAL | |
| Códigos de información de longitud fija | 970414s1997 sp ||| | spa d |
| 017 ## - NÚMERO DE REGISTRO DE DERECHOS DE AUTOR Y DEPÓSITO LEGAL | |
| Número de copyright o de depósito legal | M-9159-1997 |
| Agencia que asigna el número | DL |
| 035 ## - NÚMERO DE CONTROL DEL SISTEMA | |
| Número de control del sistema | CES19980052568m |
| 040 ## - FUENTE DE CATALOGACIÓN | |
| Centro catalogador de origen | ES-MaCES |
| Lengua de catalogación | spa |
| Centro transcriptor | ES-MaCES |
| 245 03 - MENCIÓN DE TÍTULO | |
| Título | El impuesto sobre sociedades en Vizcaya |
| Mención de responsabilidad, etc. | Pablo Fid (manager) y Edurne García (director) ; con la colaboración de Román Luquin y Miguel Zurita |
| 250 ## - MENCIÓN DE EDICIÓN | |
| Mención de edición | Ed. especial |
| 260 ## - PUBLICACIÓN, DISTRIBUCIÓN, ETC (PIE DE IMPRENTA) | |
| Lugar de publicación, distribución, etc. | [Bilbao?] |
| Nombre del editor, distribuidor, etc. | Bilbao Bizkaia Kutxa |
| Fecha de publicación, distribución, etc. | D.L. 1997 |
| 300 ## - DESCRIPCIÓN FÍSICA | |
| Extensión | 245 p. |
| Dimensiones | 21 cm |
| 500 ## - NOTA GENERAL | |
| Nota general | En la cub.: Coopers & Lybrand |
| 500 ## - NOTA GENERAL | |
| Nota general | En la cub., además: Gaceta de los Negocios |
| 541 ## - NOTA DE LA FUENTE INMEDIANTE DE ADQUISICIÓN | |
| Forma de adquisición | Gratuito |
| 650 #4 - ASIENTO SECUNDARIO DE MATERIA--TÉRMINO DE MATERIA | |
| Término de materia o nombre geográfico como elemento inicial | impuesto sobre sociedades |
| 9 (RLIN) | 28081 |
| 650 #4 - ASIENTO SECUNDARIO DE MATERIA--TÉRMINO DE MATERIA | |
| Término de materia o nombre geográfico como elemento inicial | tributación |
| 9 (RLIN) | 28093 |
| 650 #4 - ASIENTO SECUNDARIO DE MATERIA--TÉRMINO DE MATERIA | |
| Término de materia o nombre geográfico como elemento inicial | deducción tributaria |
| 9 (RLIN) | 28088 |
| 650 #4 - ASIENTO SECUNDARIO DE MATERIA--TÉRMINO DE MATERIA | |
| Término de materia o nombre geográfico como elemento inicial | inversión |
| 9 (RLIN) | 28141 |
| 650 #4 - ASIENTO SECUNDARIO DE MATERIA--TÉRMINO DE MATERIA | |
| Término de materia o nombre geográfico como elemento inicial | sistema de pagos |
| 9 (RLIN) | 28172 |
| 650 #4 - ASIENTO SECUNDARIO DE MATERIA--TÉRMINO DE MATERIA | |
| Término de materia o nombre geográfico como elemento inicial | Vizcaya |
| 9 (RLIN) | 31196 |
| 653 10 - TÉRMINO DE INDEXACIÓN--NO CONTROLADO | |
| Término no controlado | Fiscalidad |
| 650 #4 - ASIENTO SECUNDARIO DE MATERIA--TÉRMINO DE MATERIA | |
| 9 (RLIN) | 28178 |
| Término de materia o nombre geográfico como elemento inicial | empresa |
| 700 1# - ENCABEZAMIENTO SECUNDARIO--NOMBRE PERSONAL | |
| Nombre de persona | Fid, Pablo |
| Término indicativo de función | dir. |
| 9 (RLIN) | 12092 |
| 700 1# - ENCABEZAMIENTO SECUNDARIO--NOMBRE PERSONAL | |
| Nombre de persona | García, Edurne |
| Término indicativo de función | dir. |
| 9 (RLIN) | 12728 |
| 700 1# - ENCABEZAMIENTO SECUNDARIO--NOMBRE PERSONAL | |
| Nombre de persona | Luquin, Román |
| Término indicativo de función | col. |
| 9 (RLIN) | 17161 |
| 700 1# - ENCABEZAMIENTO SECUNDARIO--NOMBRE PERSONAL | |
| Nombre de persona | Zurita, Miguel |
| Término indicativo de función | col. |
| 9 (RLIN) | 26628 |
| 710 2# - ENCABEZAMIENTO SECUNDARIO--NOMBRE CORPORATIVO | |
| Nombre de entidad o nombre de jurisdicción como elemento inicial | Bilbao Bizkaia Kutxa |
| Término indicativo de función | ed. |
| 9 (RLIN) | 1655 |
| 710 2# - ENCABEZAMIENTO SECUNDARIO--NOMBRE CORPORATIVO | |
| Nombre de entidad o nombre de jurisdicción como elemento inicial | Coopers and Lybrand, Asesoría Jurídica y Tributaria |
| 9 (RLIN) | 2563 |
| 902 ## - CES. TIPO DE DOCUMENTO | |
| Tipodoc (006$c Sirtex) | LIB Libro |
| 942 ## - ELEMENTOS KOHA | |
| Fuente de clasificaión o esquema | Clasificación propia del CES |
| Koha [por defecto] tipo de item | Monografías |
| Parte de clasificación | 0.1. |
| Número de registro | Signatura completa | Tipo de item de Koha |
|---|---|---|
| 019459 | DPT-9924 | Monografías |
